|
|
|
|
| LEADER |
00960nab a2200277 i 4500 |
| 001 |
publ7243 |
| 005 |
20210802130328.0 |
| 008 |
160721s2015 hu o 0|| zxx d |
| 022 |
|
|
|a 0960-8524
|
| 024 |
7 |
|
|a 10.1016/j.biortech.2014.08.111
|2 doi
|
| 024 |
7 |
|
|a 2802192
|2 mtmt
|
| 040 |
|
|
|a SZTE Publicatio Repozitórium
|b hun
|
| 041 |
|
|
|a zxx
|
| 100 |
1 |
|
|a Kovács Etelka
|
| 245 |
1 |
0 |
|a Augmented biogas production from protein-rich substrates and associated metagenomic changes
|h [elektronikus dokumentum] /
|c Kovács Etelka
|
| 260 |
|
|
|c 2015
|
| 300 |
|
|
|a 254-261
|
| 490 |
0 |
|
|a BIORESOURCE TECHNOLOGY
|v 178
|
| 700 |
0 |
1 |
|a Wirth Roland
|e aut
|
| 700 |
0 |
1 |
|a Maróti Gergely
|e aut
|
| 700 |
0 |
1 |
|a Bagi Zoltán
|e aut
|
| 700 |
0 |
1 |
|a Nagy Katalin
|e aut
|
| 700 |
0 |
1 |
|a Minárovits János
|e aut
|
| 700 |
0 |
1 |
|a Rákhely Gábor
|e aut
|
| 700 |
0 |
1 |
|a Kovács Kornél Lajos
|e aut
|
| 856 |
4 |
0 |
|u http://publicatio.bibl.u-szeged.hu/7243/1/2015_bioresource_technology_kovacs.pdf
|z Dokumentum-elérés
|